Robust signal processing for wireless communications (Record no. 11878)

000 -LEADER
fixed length control field 01266cam a22003497a 4500
001 - CONTROL NUMBER
control field 15009319
005 - DATE AND TIME OF LATEST TRANSACTION
control field 20170105102350.0
008 - FIXED-LENGTH DATA ELEMENTS--GENERAL INFORMATION
fixed length control field 070917s2008 gw a b 001 0 eng
010 ## - LIBRARY OF CONGRESS CONTROL NUMBER
LC control number 2007937523
015 ## - NATIONAL BIBLIOGRAPHY NUMBER
National bibliography number GBA814081
Source bnb
016 7# - NATIONAL BIBLIOGRAPHIC AGENCY CONTROL NUMBER
Record control number 014508810
Source Uk
020 ## - INTERNATIONAL STANDARD BOOK NUMBER
International Standard Book Number 9783540742463 (hbk.)
020 ## - INTERNATIONAL STANDARD BOOK NUMBER
International Standard Book Number 3540742468 (hbk.)
035 ## - SYSTEM CONTROL NUMBER
System control number (OCoLC)ocn175285112
040 ## - CATALOGING SOURCE
Original cataloging agency UKM
Transcribing agency UKM
Modifying agency YDXCP
-- BTCTA
-- BAKER
-- DLC
042 ## - AUTHENTICATION CODE
Authentication code lccopycat
050 00 - LIBRARY OF CONGRESS CALL NUMBER
Classification number TK5102.9
Item number .D5265 2008
082 04 - DEWEY DECIMAL CLASSIFICATION NUMBER
Classification number 621.38220151
Edition number 22
100 1# - MAIN ENTRY--PERSONAL NAME
Personal name Dietrich, Frank A.
245 10 - TITLE STATEMENT
Title Robust signal processing for wireless communications
Statement of responsibility, etc. Frank A. Dietrich.
260 ## - PUBLICATION, DISTRIBUTION, ETC.
Place of publication, distribution, etc. Berlin :
Name of publisher, distributor, etc. Springer,
Date of publication, distribution, etc. c2008.
300 ## - PHYSICAL DESCRIPTION
Extent xi, 280 p. :
Other physical details ill. ;
Dimensions 24 cm.
440 #0 - SERIES STATEMENT/ADDED ENTRY--TITLE
Title Foundations in signal processing, communications and networking,
International Standard Serial Number 1863-8538 ;
Volume/sequential designation v. 2
504 ## - BIBLIOGRAPHY, ETC. NOTE
Bibliography, etc. note Includes bibliographical references (p. 261-273) and index.
650 #0 - SUBJECT ADDED ENTRY--TOPICAL TERM
Topical term or geographic name entry element Signal processing
General subdivision Mathematics.
650 #0 - SUBJECT ADDED ENTRY--TOPICAL TERM
Topical term or geographic name entry element Wireless communication systems.
856 41 - ELECTRONIC LOCATION AND ACCESS
Materials specified Table of contents
Uniform Resource Identifier <a href="http://www.loc.gov/catdir/toc/fy0804/2007937523.html">http://www.loc.gov/catdir/toc/fy0804/2007937523.html</a>
906 ## - LOCAL DATA ELEMENT F, LDF (RLIN)
a 7
b cbc
c copycat
d 2
e ncip
f 20
g y-gencatlg
942 ## - ADDED ENTRY ELEMENTS (KOHA)
Source of classification or shelving scheme
Koha item type Book
Holdings
Withdrawn status Lost status Damaged status Not for loan Collection code Permanent Location Current Location Shelving location Date acquired Source of acquisition Cost, normal purchase price Total Checkouts Full call number Barcode Date last seen Price effective from Koha item type
          Central Library (CL) Central Library (CL) General Stacks 06/01/2013 Progressive International Agencies 11176.99   621.38220151 DIE SEECS012410 06/06/2013 06/06/2013 Book
© 2023 Central Library, National University of Sciences and Technology. All Rights Reserved.